| 000 | 00428nam a2200133Ia 4500 | ||
|---|---|---|---|
| 008 | 231129s2004||||xx |||||||||||||| ||spa|| | ||
| 020 | _a968-24-5678-9 | ||
| 040 | _bspa | ||
| 082 | _a372.21 P963p | ||
| 245 | 0 | _aEl proceso observación evaluación planeación: En el currículum de High Scope. Compendio de lecturas | |
| 260 | _c2004 | ||
| 264 | _aMéxico : Trillas | ||
| 942 |
_2ddc _cBKS |
||
| 999 |
_c12217 _d12217 |
||